| 000 | 00677nam a22001577a 4500 | ||
|---|---|---|---|
| 003 | OSt | ||
| 005 | 20151103100220.0 | ||
| 008 | 151103b xxu||||| |||| 00| 0 eng d | ||
| 040 | _cRUA | ||
| 082 | _aFOR CHI 1996 B122 Or.1 | ||
| 100 |
_93240 _aCHIN, DARAVITHIEA. |
||
| 245 | _aContrribution towards the study of harvesting technical regulartion for concession-forest management (វិភាគទាននៃការសិក្សាបទបញ្ជាាបច្ទេកទេសអាជីវកម្មដើម្បីគ្រប់គ្រងដីសម្បទាន) | ||
| 260 |
_aPhnom Penh _bRuA _c1996 |
||
| 300 |
_a143p. _bill. _c29cm. |
||
| 942 |
_2ddc _cFOR |
||
| 999 |
_c3026 _d3026 |
||